000 01012nam a2200193 a 4500
001 44373
005 20180714023214.0
008 140415s1995 000 0 eng d
020 _a087389300X
041 _aeng
082 _a620.00452
_bSTA
100 1 _aSTAMATIS, D.H.
245 1 0 _aFAILURE MODE AND EFFECT ANALYSIS
250 _a1a ed.
260 _a[s.l.] :
_bASQ QUALITY PRESS,
_c1995
300 _a538
_cx 16 x 24
520 _aESTE LIBRO ES UNA GUIA COMPLETA DEL MODO DE FRACASO Y EL ANALISIS DE DEFECTOS DE LOS PROCESO DE ENTENDIMIENTO Y APLICANDO UNA APROXIMACIÓN METODICA DE LOS PROBLEMAS, ERRORES Y FRACASOS. EXPLICA EL PROCESO DE SISTEMAS DE CONDUCTA, DISEÑO Y SERVICIO DE FMEAS, COMO ES UN FMEAS, COMO SE PUEDE USAR, COMO SE PUEDE APLICAR A LAS INDUSTRIAS, COMO SE RELACIONA CON LOS SERVICIOS INDUSTRIALES Y COMO SE APLICA AL ISO 9000 SERIES DE STANDARES DE CALIDAD Y MAS MUESTRA COMO PUEDES TRABAJAR PARA CUALQ
650 1 4 _aCONTROL DE CALIDAD
_xCONFIABILIDAD ( INGENIERA )
999 _c44373
_d44373